000 00974cab a2200289 4500
001 A147
008 090401t1992 xxu||||| |||| 00| 0 eng d
035 _a(Sirsi) u27280
041 _aeng
100 _aGrega, L.
245 _aElectronic marketing of livestock in the UK
260 _c1992
350 _a0
490 _aFarm Management
_v8(3) Autumn 1992, 113-124(7)
520 _aExplains the concept and practice of electronic marketing, suggests a set of criteria for assessing the success of such a system, and compares published prices of finished cattle sold deadweight and by electronic auction.
650 _aAGRICULTURAL PRODUCE EXCHANGE
650 _aEASE
650 _aELECTRONIC AUCTION SYSTEMS EUROPE
650 _aELECTRONIC AUCTIONS
650 _aLIVESTOCK AUCTIONS
650 _aLYSIS ELECTRONIC AUCTION NETWORK
690 _aAuctioneering
_96218
690 _aRURAL PRACTICE
700 _aRay, D.
942 _n0
948 _c04/03/1997
999 _c18360
_d18360